000
00346 a2200169 4500
001
172915
020
_a
85-08-04432-0
040
_c
Magnum
100
_a
França, Mary
240
1
0
_a
Um belo sorriso
_l
por
245
1
0
_a
Um belo sorriso
300
_a
16
362
0
_a
1999
440
1
_a
Ática
697
_a
LITERATURA INFANTIL
942
_c
BK
999
_c
172915
_d
172915